00254nam a22000857a 4500008004100000022001400041040005500055245002300110260003500133230720b |||||||| |||| 00| 0 eng d a0007-0343 aNational Science LibrarycNational Science Library aBritish book news  bLondon: cThe British Council